Electronic materials / (Record no. 143781)

MARC details
000 -LEADER
fixed length control field 00911cam a2200265 a 4500
008 - FIXED-LENGTH DATA ELEMENTS--GENERAL INFORMATION
fixed length control field
020 ## - INTERNATIONAL STANDARD BOOK NUMBER
International Standard Book Number 0408028408(pbk)
049 ## - LOCAL HOLDINGS (OCLC)
Holding library MAIN
090 ## - LOCALLY ASSIGNED LC-TYPE CALL NUMBER (OCLC); LOCAL CALL NUMBER (RLIN)
Classification number (OCLC) (R) ; Classification number, CALL (RLIN) (NR) TK7871
Local cutter number (OCLC) ; Book number/undivided call number, CALL (RLIN) ELE
003 - CONTROL NUMBER IDENTIFIER
control field
005 - DATE AND TIME OF LATEST TRANSACTION
control field 20230123133147.0
040 ## - CATALOGING SOURCE
Transcribing agency NUST
245 00 - TITLE STATEMENT
Title Electronic materials /
Statement of responsibility, etc. edited by Nicholas Braithwaite and Graham Weaver.
260 ## - PUBLICATION, DISTRIBUTION, ETC.
Place of publication, distribution, etc. Milton Keynes, England :
Name of publisher, distributor, etc. Open University ;
Place of publication, distribution, etc. London ;
-- Boston :
Name of publisher, distributor, etc. Butterworth,
Date of publication, distribution, etc. 1990.
300 ## - PHYSICAL DESCRIPTION
Extent 336 p. :
Other physical details ill. (some col.) ;
Dimensions 25 cm.
440 #0 - SERIES STATEMENT/ADDED ENTRY--TITLE
Title Materials in action series.
500 ## - GENERAL NOTE
General note "This text forms part of an Open University course"--T.p. verso.
504 ## - BIBLIOGRAPHY, ETC. NOTE
Bibliography, etc. note Includes bibliographical references .
500 ## - GENERAL NOTE
General note Includes Index
650 #0 - SUBJECT ADDED ENTRY--TOPICAL TERM
Topical term or geographic name entry element Electronics
General subdivision Materials.
653 ## - INDEX TERM--UNCONTROLLED
Uncontrolled term Electronic equipment
700 1# - ADDED ENTRY--PERSONAL NAME
Personal name Braithwaite, Nicholas.
907 ## - LOCAL DATA ELEMENT G, LDG (RLIN)
a .b10028948
b 13-02-13
c 17-04-03
942 ## - ADDED ENTRY ELEMENTS (KOHA)
Koha item type Ordinary Loan Books
Call number prefix TK7871
Call number suffix ELE
Holdings
Date last seen Total Checkouts Full call number Barcode Cost, replacement price Price effective from Koha item type Lost status Source of classification or shelving scheme Damaged status Not for loan Collection Withdrawn status Home library Current library Shelving location Date acquired Cost, normal purchase price
01/23/2023   TK7871 BRA 92003018500 80.00 01/23/2023 BOOKS   LCC     NFIC   MAIN MAIN GEN 01/23/2023 80.00